Statistiken für Länder mit G

Klicken Sie hier um das Quiz zu spielen!

Allgemein

  • Dieses Quiz wurde 1.477 mal gespielt
  • Das Durchschnittsergebnis liegt bei 8 aus 10

Antwortstatistiken

HintAntwort% Korrekt
6Griechenland
91%
8Guinea
84%
2Gambia
83%
4Ghana
83%
3Georgien
81%
1Gabun
80%
7Guatemala
79%
9Guinea-Bissau
75%
10Guyana
73%
5Grenada
66%

Verteilung der Resultate

Perzentil nach korrekt beantworteten Fragen

Anzahl Personen mit jedem Resultat

Ihre Resultats-Entwicklung

Sie haben dieses Quiz noch nicht gespielt